00334nam a2200121Ia 4500008004100000041000800041082001400049100002400063245004400087260004200131300003000173365000900203240624s9999 xx 000 0 und d aeng a658.1 FRA aFRANKEL MICHAEL E S aMERGERS AND ACQUISITIONS BASICS THE KEY c2005aNew JerseybJohn Wiley and Sons axi, : 308 : p. : cm. ; 23 cb20